Sex driven people

Guardat en:
Dades bibliogràfiques
Autor principal: Masters, Robert E. L.
Format: Desconegut
Idioma:anglès
Etiquetes: Afegir etiqueta
Sense etiquetes, Sigues el primer a etiquetar aquest registre!

MARC

LEADER 00000 a2200000 4500
005 20240731184149.0
008 240731b |||||||| |||| 00| 0 eng d
040 |c GP 
100 |a Masters, Robert E. L. 
245 |a Sex driven people 
942 |2 ddc  |c BK  |n 0 
952 |0 0  |1 0  |2 ddc  |4 0  |6 810_000000000000000_MAS  |7 1  |9 1742  |a RM  |b RM  |d 2024-07-31  |l 0  |o 810 MAS  |p 530  |r 2024-07-31 18:42:07  |w 2024-07-31  |y BK 
999 |c 1558  |d 1558